LEADER 01099nam a2200253 u 4500 001 000000090781 003 CaOOAMICUS 005 20070226124747.0 008 051219s1920 it u000 u ita u 035 $a11073289 040 $aPUL(R)$bita 041 1 $aita$hfre 100 1 $aMercier, Désiré Félicien François Joseph,$ccard.,$d1851-1926.$0(OLS)http://pul/name/2411 245 10$aAi giovani leviti :$bconferenze spirituali /$cCard. D.J. Mercier ; traduzione italiana del dott. Mons. Giuseppe Faraoni. 250 $a2. ed. riveduta e corretta. 260 $aMilano :$bVita e pensiero,$c1920. 300 $axvi, 208 p. ;$c16 cm 504 $aNote bibliografiche a piè pagina. 650 4$aSpiritualità$xCommenti.$0(OLS)http://pul/subject/2079 850 $aPUL 852 $aPUL$W1$xDP1 Fondo Pastorale$y55$mP19 C 47$j114498$nBK-PRI$b $qFondi$B114498$CPULBib$Z2$F114498 $H $81 941 1 $a1 996 $6245$aAi giovani leviti :$bconferenze spirituali$9(OLS)http://pul/title/117221 996 $6260$aMilano :$bVita e pensiero$9(OLS)http://pul/publisher/48016 LEADER 01461nam a2200313 u 4500 001 000000086019 003 CaOOAMICUS 005 20070226124241.0 008 050926s1930 fr u000 u fre u 035 $a11059756 040 $aPUL(R)$bita 100 1 $aBatiffol, Pierre,$d1861-1929.$0(OLS)http://pul/name/8452 245 10$aEtudes d'histoire et de theologie positive.$ndeuxieme série,$pl'eucharistie, la presence réelle et la transsubstantiation /$cPierre Batiffol. 246 30$aL'eucharistie, la présénce réelle et la transsubstantiation 250 $aDixième édition. 260 $aParis :$bJ.Gabalda,$c1930. 300 $aix, 516 p. ;$c19 cm 500 $aContiene indice. 504 $aBibliografia in nota. 650 4$aEucaristia.$0(OLS)http://pul/subject/1539 650 4$aTransustanziazione.$0(OLS)http://pul/subject/23634 850 $aPUL 852 $aPUL$W1$xDP1 Fondo Cecchetti$y53$m286 F 33$j109241$nBK-PRI$b $qFondi$B109241$CPULBib$Z2$F109241 $H $81 941 1 $a1 960 $aEucarestia$91539 960 $aComunione (sacramento)$91539 996 $6245$aEtudes d'histoire et de theologie positive.$ndeuxieme série,$pl'eucharistie, la presence réelle et la transsubstantiation$9(OLS)http://pul/title/84469 996 $6246$aL'eucharistie, la présénce réelle et la transsubstantiation$9(OLS)http://pul/title/84470 996 $6260$aParis :$bJ.Gabalda$9(OLS)http://pul/publisher/60670